00278 a2200121 4500001000700000020001800007040001100025100004800036240003000084245002500114300000800139362000900147175305 a85-10-02093-0 cMagnum aNoronha, Carlos Henrique Moura Mavignier de10aO espaço mundial 1lpor10aO espaço mundial 1 a2240 a1997